| 000 | 00931nam a22003018i 4500 | ||
|---|---|---|---|
| 001 | 020552180 | ||
| 003 | EG-ScBUE | ||
| 005 | 20260208102018.0 | ||
| 008 | 220407s2022 vraa f 001 0 eng d | ||
| 020 | _a9781864709384 | ||
| 040 |
_aStDuBDS _beng _erda _cStDuBDS _dEG-ScBUE |
||
| 082 | 0 | 4 |
_a790.068 _222 _bCON |
| 245 | 0 | 0 | _aContemporary creative spaces for children. |
| 264 | 1 |
_aMelbourne : _bImages Publishing, _c2022. |
|
| 300 |
_a243 pages : _billustrations (colour) ; _c28 cm. |
||
| 336 |
_atext _2rdacontent _btxt |
||
| 336 |
_astill image _2rdacontent _btxt |
||
| 337 |
_aunmediated _2rdamedia _bn |
||
| 338 |
_avolume _2rdacarrier _bnc |
||
| 490 | 0 | _aThe images publishing group | |
| 500 | _aIncludes index. | ||
| 650 | 7 |
_aPlay environments. _2BUEsh |
|
| 650 | 7 |
_aCreative ability in children. _2BUEsh |
|
| 653 |
_cFebruary2026 _bENGARC |
||
| 655 | _vReading book | ||
| 942 |
_2ddc _cBB |
||
| 999 |
_c31086 _d31057 |
||